000 00687nam a2200289Ia 4500
005 20260324125436.0
008 008 260324s9999 xx 000 0 eng d
020 _a9781003063520
037 _aEBOOK
040 _aCRL
040 _beng
040 _cCRL
041 _2eng
041 _aeng
084 _qCRL
100 _aHamadi Redissi; Jan-Erik Lane
_91177998
245 0 _aReligion and Politics
245 0 _bIslam and Muslim Civilization
260 _bTaylor and Francis
260 _c2009
365 _a
365 _b67.99
856 _uhttp://www.taylorfrancis.com/books/9781003063520
942 _cEBOOK
999 _c1773257
_d1773257